LECTURA SUPER RAPIDA (Registro nro. 4567)
[ vista simple ]
| 000 -LEADER | |
|---|---|
| fixed length control field | 00363nam a2200145 a 4500 |
| 001 - CONTROL NUMBER | |
| control field | 4567 |
| 005 - DATE AND TIME OF LATEST TRANSACTION | |
| control field | 20180713184433.0 |
| 008 - FIXED-LENGTH DATA ELEMENTS--GENERAL INFORMATION | |
| fixed length control field | 140415s1992 000 0 spa d |
| 041 ## - LANGUAGE CODE | |
| Language code of text/sound track or separate title | spa |
| 082 ## - DEWEY DECIMAL CLASSIFICATION NUMBER | |
| Classification number | 176.8 |
| Item number | LEC |
| 245 00 - TITLE STATEMENT | |
| Title | LECTURA SUPER RAPIDA |
| 260 ## - PUBLICATION, DISTRIBUTION, ETC. | |
| Place of publication, distribution, etc. | [s.l.] : |
| Name of publisher, distributor, etc. | CGE, |
| Date of publication, distribution, etc. | 1992 |
| 300 ## - PHYSICAL DESCRIPTION | |
| Extent | 191 |
| 650 14 - SUBJECT ADDED ENTRY--TOPICAL TERM | |
| Topical term or geographic name entry element | COMPRENSION DE LECTURA |
| General subdivision | LECTURA |
| Withdrawn status | Lost status | Source of classification or shelving scheme | Damaged status | Not for loan | Collection code | Home library | Current library | Shelving location | Date acquired | Source of acquisition | Inventory number | Total Checkouts | Full call number | Barcode | Date last seen | Date last checked out | Price effective from | Koha item type |
|---|---|---|---|---|---|---|---|---|---|---|---|---|---|---|---|---|---|---|
| Dewey Decimal Classification | General | Biblioteca Karol Wojtyla | Biblioteca Karol Wojtyla | Sala general | 03/12/2013 | Compra | 151000000000000000062722 | 1 | 176.8 LEC | 16076 | 05/01/2026 | 12/10/2019 | 03/12/2013 | Libro |